Моята първа книга за Христо Ботев (Запис номер 492631)
[ съкратено ]
| 000 -Лидер | |
|---|---|
| Лидер | 02121nam a2200433 c 4500 |
| 003 - Код на организацията, давaща контролен номер | |
| Код на организацията, даваща контролен номер | BLK |
| 005 - Дата и час на последна редакция | |
| Дата и час на последна редакция | 20250225005542.0 |
| 008 - Елементи от данни с фиксирана дължина | |
| Елементи с фиксирана дължина | 230711b bul|||||r ||||||| ||bul|| |
| 010 ## - Наследен системен номер | |
| LC control number | KNG00110573000 |
| 020 ## - Международен стандартен номер на книга ISBN | |
| ISBN | 9786192403911 |
| 040 ## - Източник на каталожния запис | |
| Код на библиотеката | BLK |
| 041 ## - Код за език | |
| Език | Български |
| Език за КДБФ | Български |
| 072 #7 - Код за тематичната категория | |
| Код организация | bullib |
| Код за тематична категория | Н86 |
| Текст | Детска отраслова литература Н |
| 080 ## - УДК | |
| УДК текст | Националноосвободителното движение в България (1856-1877) |
| УДК код | 94(497.2)"1856/1877" |
| УДК – определител | (092) |
| УДК – код + определител | 94(497.2)"1856/1877"(092) |
| 080 ## - УДК | |
| УДК текст | Христо Ботьов Петков, български национален герой, революционер, поет и публицист |
| УДК код | 929 Ботев, Христо |
| УДК – код + определител | 929 Ботев, Христо |
| 100 1# - Редна дума - Автор | |
| Автор | Русанов, Любомир Кирилов |
| R(LIN) | 117434 |
| 245 10 - Сведения за заглавието | |
| Заглавие | Моята първа книга за Христо Ботев |
| Авторска отговорност | Любомир Кирилов Русанов; ил. Пламена Тодорова; ил. Олег Топалов. |
| 250 ## - Област на изданието | |
| Поредност на изданието | 2. изд. |
| 257 ## - Страна на издаване | |
| Страна на създаване/издаване | България |
| 260 ## - Област на издателските данни | |
| Име на издателя | ПАН |
| Година на издаване | 2011 |
| Място на издаване | София |
| Печатница | [София] : [Циан] |
| 300 ## - Физическа характеристика | |
| Брой страници | 16 с. |
| Илюстрации | с цв. ил. |
| Размер | 28 см |
| 380 ## - Жанр | |
| Жанр | Детска отраслова лит. |
| 490 ## - СЕРИИ (Колекции) | |
| Серия | Поредица Моята първа книга за... |
| 9 (RLIN) | 206289 |
| 500 ## - Общи забележки | |
| Обща забележка | 1. изд. 2011<br/>Год. на изд. погрешно отпеч. на загл. с. 2011 |
| 650 #4 - Допълнително описание по предмет – тема | |
| Предметна рубрика | Националноосвободително движение - България - дейци |
| 9 (RLIN) | 243361 |
| 651 #4 - Допълнително описание по предмет - топоним | |
| Географско понятие | България |
| 9 (RLIN) | 241624 |
| 653 ## - Ключова дума – ненормативна | |
| Ключови думи | националноосвободителни движения |
| 653 ## - Ключова дума – ненормативна | |
| Ключови думи | дейци |
| 653 ## - Ключова дума – ненормативна | |
| Ключови думи | Христо Ботев |
| 653 ## - Ключова дума – ненормативна | |
| Ключови думи | българска история |
| 659 ## - Тематичен бюлетин | |
| Тематичен бюлетин | Н |
| 700 1# - Други автори (авторска отговорност) | |
| Друг автор | Тодорова, Пламена |
| Авт. отговорност на др. автор | ил. |
| 9 (RLIN) | 366779 |
| 700 ## - Други автори (авторска отговорност) | |
| Друг автор | Топалов, Олег Степанов |
| 9 (RLIN) | 394369 |
| 852 ## - Местоположение | |
| Сигнатура (форматна) | Цб ІІ 31988 |
| Отдел | Хранилище |
| 942 ## - АРТИКУЛИ | |
| Вид на библиотечния документ | Книги |
| Скрит в OPAC | Не |
| Koha issues (borrowed), all copies | 23 |
| Периодичен библиозапис | Да |
| 944 ## - СЪЗДАВАНЕ И РЕДАКЦИЯ на ЗАПИСА | |
| Създаване/Редакция | Създаване |
| Дата на регистрацията/редакция | 2023-07-11 |
| Служител, извършил регистрацията/редакцията | |
| Номер на служител | CRON CRON |
| 999 ## - СИСТЕМНИ КОНТРОЛНИ НОМЕРА | |
| Koha biblionumber | 492631 |
| Koha biblioitemnumber | 492631 |
| 999 ## - СИСТЕМНИ КОНТРОЛНИ НОМЕРА | |
| Koha biblioitemnumber | 492631 |
| Код за отписване | Код за изгубен артикул | Източник на класификационната схема | Код за повреда | Коз за рестрикции | Код за отдаване | Артикулен № | Име на библиотеката - собственик | Име на библиотеката, в която се намира в момента | Статус (Текущо местоположение) | Дата на вписване в системата | Местоположение - отдел | Цена в лева | Инвентарен номер | Систематично азбучна сигнатура | Баркод | Цена в евро | Служебен тип на артикула |
|---|---|---|---|---|---|---|---|---|---|---|---|---|---|---|---|---|---|
| Не е изгубен | Universal Decimal Classification | Не е повреден | само за читалня | ползва се в читалня | 930011 | Регионална библиотека "Любен Каравелов" Русе | Регионална библиотека "Любен Каравелов" Русе | Хранилище | 2023-07-14 | Хранилище | 3.90 | 120000889490 | Цб ІІ 31988 | 120000889490 | 1.99 | Книги |